Tây du kí

Сохранить в:
Библиографические подробности
Главный автор: Ngô Thừa Ân
Формат:
Метки: Добавить метку
Нет меток, Требуется 1-ая метка записи!
Thư viện lưu trữ: Mạng thư viện Đại học Đà Nẵng
LEADER 00606nam a2200229 4500
001 000007894
003 4071
005 20150812140842.0
008 111013s sd
100 0 |a Ngô Thừa Ân 
245 0 0 |a Tây du kí  |c Ngô Thừa Ân 
300 |a 25 tập 
774 |g Tập 1  |t Hầu vương ra đời  |w 4072 
774 |g Tập 2  |t Tam tạng đi lấy kinh  |w 4073 
OWN |a LSP 
999 |a From the UDN01 
TYP |a Monograph 
TYP |a Printed language 
980 |a Mạng thư viện Đại học Đà Nẵng